000 00760nam a2200241Ia 4500
001 20801
003 GE_BSU
008 181216s||||||||xx |||||||||||||| ||und||
040 _cGE_BSU
080 _a327
100 _aNikolaeva,Venera
245 _aRegional policy of the Eu:New Challenges in Absorption and Implementation of Structural Assistance
250 _a9783659706394
260 _aGermany
260 _bLAP Lambert Academic Publishing
260 _c2015
300 _a57p;23cm
541 _h102gel
653 _aRegional policy of the Eu:New Challenges in Absorption and Implementation of Structural Assistance
653 _aპოლიტიკა
653 _aრეგიონალური პოილიტიკა
942 _cBK
999 _c53753
_d53753